LEADER 02033nam0 22004453i 450 001 LO10099981 005 20231121125516.0 020 $aIT$b1947 5559 100 $a20070808d1947 ||||0itac50 ba 101 | $aita 102 $ait 181 1$6z01$ai $bxxxe 182 1$6z01$an 200 1 $aPasso a passo$fWinston Churchill 210 $a[Milano]$cA. Mondadori$d1947 215 $a363 p., [14] p. di tav.$cill.$d20 cm 225 | $a˜Le œscie 300 $aSul verso del front.: Ed. provvisoria 300 $aUnica traduzione autorizzata dall'inglese di Alberto Mario Ciriello. 410 0$1001CFI0000177$12001 $a˜Le œscie 500 10$aStep by step$3LO10099988$9RAVV003813$92609120 606 $aGuerra mondiale 1939-1945$xCause$2FIR$3RMLC006460$9I 606 $aGran Bretagna$xPolitica estera$x1936-1939$xLettere e carteggi$2FIR$3LO1C136117$9I 606 $aChurchill, Winston Leonard Spencer$x1936-1939$xLettere e carteggi$2FIR$3LO1C136120$9I 606 $aInghilterra$xPolitica estera$x1936-1939$2FIR$3LO1C842657$9I 676 $a941.082092$9STORIA DELLE ISOLE BRITANNICHE. 20. SECOLO, 1901 - PERSONE COLLEGATE CON IL SOGGETTO$v19 700 1$aChurchill$b, Winston S.$3RAVV003813$4070$0134643 702 1$aCiriello$b, Alberto Mario$3SBLV087678$4730 790 1$aChurchill$b, Winston$3CFIV183838$zChurchill, Winston S. 790 1$aChurchill$b, Winston Leonard Spencer$3MILV155519$zChurchill, Winston S. 790 1$aChurchill$b, Winston Spencer$3RAVV072833$zChurchill, Winston S. 801 3$aIT$bIT-01$c20070808 850 $aIT-RM0460 $aIT-FR0017 899 $aBiblioteca Dell' Archivio Centrale Dello Stato$bRM0460 899 $aBiblioteca umanistica Giorgio Aprea$bFR0017 $eN 912 $aLO10099981 950 0$aBiblioteca umanistica Giorgio Aprea$d 52DES 941 Chu.Pas.$e 52SBA0000200575 VMB RS $fA $h20160412$i20160412 977 $a 27$a 52 996 $aStep by step$92609120 997 $aUNICAS LEADER 03102nam 22008053 450 001 996647844003316 005 20250217120731.0 010 $a9783839476093 010 $a3839476097 024 7 $a10.1515/9783839476093 035 $a(CKB)37347879900041 035 $a(MiAaPQ)EBC31893991 035 $a(Au-PeEL)EBL31893991 035 $a(OCoLC)1500763082 035 $a(DE-B1597)735896 035 $a(DE-B1597)9783839476093 035 $a(ScCtBLL)d10b481e-fa54-4d1e-bf34-83c7f7cc8a41 035 $a(EXLCZ)9937347879900041 100 $a20250217d2025 uy 0 101 0 $ager 135 $aur||||||||||| 181 $ctxt$2rdacontent 182 $cc$2rdamedia 183 $acr$2rdacarrier 200 10$aBewährung Durch Unterwerfung $eZu Einem Regressiv-Modernen Bewährungstypus Am Beispiel des Nicht-sportlichen Marathonlaufs 205 $a1st ed. 210 1$aBielefeld :$ctranscript Verlag,$d2025. 210 4$d©2024. 215 $a1 online resource (433 pages) 225 0 $aKörperKulturen 311 08$a9783837676099 311 08$a3837676099 327 $tFrontmatter -- $tInhalt -- $tDanksagung -- $t1. Einleitung -- $t2. Theoretische Rahmung -- $t3. Empirischer Teil -- $t4. Theoretische Würdigung und Schluss -- $tLiteratur 330 $aGalt der freizeitliche Marathonlauf vor einigen Jahrzehnten noch als exotische und unvernünftige Angelegenheit, die kaum gesellschaftliche Anerkennung fand, so ist er inzwischen zum Sport der »vernünftigen Leute« und »gesellschaftlichen Leistungsträger« avanciert. Wie lässt sich das erklären? Roman Felde argumentiert, dass freizeitliches Marathonlaufen kein Sport ist, sondern als eine strukturell masochistische Kompensationspraxis verstanden werden kann. Als solche entspricht sie im Kern dem Muster einer Bewährung durch Unterwerfung und ist ursächlich eng mit den Strukturen moderner Erwerbsarbeit verknüpft. 606 $aSPORTS & RECREATION / Sociology of Sports$2bisacsh 610 $aBody. 610 $aCompensation. 610 $aDiagnosis of the Presence. 610 $aErwerbsarbeit. 610 $aGainful Employment. 610 $aGegenwartsdiagnose. 610 $aKompensation. 610 $aKultursoziologie. 610 $aKörper. 610 $aKörpersoziologie. 610 $aMarathon. 610 $aMasochismus. 610 $aObjective Hermeneutics. 610 $aObjektive Hermeneutik. 610 $aSociology of Culture. 610 $aSociology of the Body. 610 $aSociology. 610 $aSoziologie. 610 $aSport Science. 610 $aSport. 610 $aSports Sociology. 610 $aSportsoziologie. 610 $aSportwissenschaft. 610 $aSubmission. 610 $aUnterwerfung. 615 7$aSPORTS & RECREATION / Sociology of Sports. 700 $aFelde$b Roman$01789502 701 $aArndt$b Maria$01782233 801 0$bMiAaPQ 801 1$bMiAaPQ 801 2$bMiAaPQ 906 $aBOOK 912 $a996647844003316 996 $aBewährung Durch Unterwerfung$94325093 997 $aUNISA